Missing Word: Title-ly Songs Quiz Stats

 Plays Quiz Updated Sep 30, 2018

Score 0/20 Timer 04:00
0 Plays Today
Song Title Missing Word % Correct
Killing Me _____ with His SongSoftly
93.2%
I Can See _____ NowClearly
89.5%
What Have You Done for Me _____Lately
82%
Truly Madly _____Deeply
80%
Have You Ever _____ Loved a WomanReally
77.2%
_____ Devoted to YouHopelessly
69.8%
_____ NumbComfortably
68.6%
_____ IrresistibleSimply
68.6%
Rock Me _____Gently
62.3%
Love Her _____Madly
57.2%
Song Title Missing Word % Correct
Alone Again (_____)Naturally
52.9%
_____ BreathingBarely
49.9%
_____ I SeeSuddenly
47.8%
I _____ Love YouHonestly
45.3%
You're _____ LonelyOnly
40.6%
Hold on _____Loosely
37.7%
Falling _____Slowly
34.7%
_____ in LoveAccidentally
27.6%
_____ (Story of a Girl)Absolutely
26.7%
_____ 4th StreetPositively
25%

Today's Daily Dose

Missing Word
Banned Books (A-Z)

Word Ladder
Janis Joplin

Get the Picture
Occupations

You're not logged in!

Compare scores with friends on all Sporcle quizzes.
OR
Log In

Sporcle TV

Today on Sporcle TV


Watch our educational content, quiz creation guides, and fun videos on Sporcle TV.

Show Comments

Extras

Top Quizzes Today


Score Distribution

Your Account Isn't Verified!

In order to create a playlist on Sporcle, you need to verify the email address you used during registration. Go to your Sporcle Settings to finish the process.

Report this User

Report this user for behavior that violates our Community Guidelines.

Details: